Balance del liberalismo chileno: Discursos pronunciados por el Diputado de Maipo Don Carlos Walker Martínez en las sesiones estraordinarias de 1887

-д хадгалсан:
Номзүйн дэлгэрэнгүй
Үндсэн зохиолч: Walker Martínez, Carlos (Зохиогч)
Формат: Ном
Хэл сонгох:испани
Хэвлэсэн: Santiago Imprenta de El Progreso, calle de la Compañía, 102 1888
Хэвлэл:1a. ed
Нөхцлүүд:
Шошгууд: Шошго нэмэх
Шошго байхгүй, Энэхүү баримтыг шошголох эхний хүн болох!

MARC

LEADER 00000nam a2200000 a 4500
001 UCJ4652
003 CL-VaPUC
008 070124e18880000CL |||||||||||||||||spa|d
082 0 4 |a 983  |b WAL  |2 21 
100 0 |a Walker Martínez, Carlos  |e author  |9 438546 
245 1 0 |a Balance del liberalismo chileno: Discursos pronunciados por el Diputado de Maipo Don Carlos Walker Martínez en las sesiones estraordinarias de 1887 
250 |a 1a. ed 
300 |a 204 p 
942 |c BK 
945 |d 20070124 00:00:00  |a rinostro 
260 |a Santiago  |b Imprenta de El Progreso, calle de la Compañía, 102  |c 1888 
600 0 7 |a VIAL, RAFAEL  |2 CL-VaPUC  |9 508745 
650 0 |a Partidos políticos  |9 254999 
650 7 |a DISCURSOS PARLAMENTARIOS  |2 CL-VaPUC  |9 504230 
650 0 |a Hacienda pública  |9 258673 
650 7 |a PRESUPUESTO NACIONAL  |2 CL-VaPUC  |9 338436 
650 7 |a PESTES  |2 CL-VaPUC  |9 447357 
650 0 |a Cólera   |9 470953 
650 7 |a SALUBRIDAD  |2 CL-VaPUC  |9 459475 
583 |a last modification  |c 20070124 00:00:00  |k Rodrigo Vera 
999 |c 320768  |d 320766 
952 |0 0  |1 0  |4 0  |6 983_000000000000000_WAL_1888  |7 0  |8 X  |9 399365  |a FDOBUD  |b FDOBUD  |d 2019-11-22  |i 102289K  |o 983 WAL 1888  |p 102289K  |r 2019-11-22  |w 2019-11-22  |y BK_X  |k BUD